00338nam a22000977a 4500020001800000082001700018100002100035245010100056260005600157300002700213 a9789993615187 222a495.4416 aWangchuk Rinzin, aNge ma ley druk gi lung chog tsu nang laab syel ye pai ming tsig gi tha nge ling bui dang yang / aThimphu,bDzongkahg Development Commission,cc2012. a87p. ;bill. ;c20 cm.